000 00821nam a2200253 a 4500
001 BRCA_3669
005 20190320204357.0
008 010909s1963----sp-a---###---#000-0#spa-#
041 _aspa
044 _asp
050 4 _aN7111
_b.A77 1963
100 1 _aArrese, José Luis de
_99526
245 1 0 _aArte religioso en un pueblo de España
_cJosé Luis de Arrese.
260 _aMadrid
_bConsejo Superior de Investigaciones Científicas
_c1963
300 _a622 p.
_bil., 189 láminas
_c25 cm.
500 _aIncluye índice alfabético, índice biográfico, ìndice geográfico e índice de láminas
500 _aB322
650 1 4 _aArte
_zCorella, España
_99527
650 1 4 _aArte y simbolismo cristianos
_94853
650 1 4 _aArte
_xHistoria
_99528
650 1 4 _aArte
_zEspaña
_92064
902 _aGFM
942 _2lcc
_cB
999 _c3401
_d3401